[Event "Olomouc Chess Summer 2013 - Open Olomou"]
[Site "?"]
[Date "2013.08.05"]
[Round "6.19"]
[White "Ptacnikova, Lenka"]
[Black "Kolasin, Jan"]
[Result "1-0"]
[WhiteElo "2239"]
[BlackElo "2038"]
[PlyCount "133"]
[EventDate "2013.??.??"]

1. c4 e5 2. g3 h5 3. h4 Bc5 4. Nc3 Nc6 5. Ne4 d6 6. Bg2 Bb6 7. a3 Nf6 8. Nc3
Bf5 9. d3 Ng4 10. Nh3 Qd7 11. Nd5 Bc5 12. b4 Bd4 13. Rb1 a6 14. Bb2 O-O 15. e3
Bxb2 16. Rxb2 Rae8 17. Ng5 Nd8 18. O-O c6 19. Nc3 f6 20. Nge4 Ne6 21. d4 d5 22.
cxd5 cxd5 23. dxe5 Qc7 24. Qxd5 Rd8 25. Qb3 Qxe5 26. f4 Qc7 27. Nc5 Kh8 28.
Nxe6 Bxe6 29. Nd5 Qf7 30. e4 b5 31. Qf3 f5 32. Nc3 Qa7+ 33. Kh1 Bc4 34. Rd1
fxe4 35. Nxe4 Rxd1+ 36. Qxd1 Qe3 37. Rd2 Qxa3 38. Qb1 Re8 39. Ng5 Bd3 40. Qg1
Qxb4 41. Rxd3 Qe1 42. Rf3 Qd2 43. Rf1 Re2 44. Qc5 Nf6 45. Qf8+ Ng8 46. Qf5 Nf6
47. Qc8+ Re8 48. Qxa6 b4 49. Qb5 Re2 50. Qb8+ Re8 51. Qb7 Qc3 52. Qf3 Re3 53.
Qa8+ Re8 54. Qf3 Re3 55. Qb7 b3 56. Be4 Rxe4 57. Nxe4 Qd3 58. Qa8+ Ng8 59. Rf2
Qb1+ 60. Kh2 b2 61. Nd2 Qe1 62. Rg2 b1=Q 63. Nxb1 Qxb1 64. Re2 Qb6 65. Re8 Qf2+
66. Qg2 Qb6 67. Qa2 1-0

[Event "Olomouc Chess Summer 2013 - Open Olomou"]
[Site "?"]
[Date "2013.08.05"]
[Round "6.20"]
[White "Zhylkaidarova, Sholpan"]
[Black "Balacek, Tadeas"]
[Result "1-0"]
[WhiteElo "2047"]
[BlackElo "2220"]
[PlyCount "75"]
[EventDate "2013.??.??"]

1. d4 Nf6 2. c4 c5 3. d5 b5 4. cxb5 a6 5. bxa6 g6 6. Nc3 Bxa6 7. Nf3 d6 8. g3
Bg7 9. Bg2 Nbd7 10. O-O O-O 11. Re1 Qb6 12. Rb1 Ng4 13. Qc2 Rfb8 14. h3 Nge5
15. Nxe5 Nxe5 16. b3 Qa5 17. Bd2 Qa3 18. Qc1 Bc8 19. Qxa3 Rxa3 20. Bc1 Raa8 21.
Bb2 Bf5 22. Rbc1 c4 23. f4 cxb3 24. fxe5 bxa2 25. Ba1 Bxe5 26. e4 Bd7 27. g4
Ra3 28. Bf1 h5 29. gxh5 gxh5 30. Rc2 Rc8 31. Rg2+ Kh7 32. Nb5 Ra5 33. Nd4 Rb8
34. Nf3 Rb1 35. Bxe5 dxe5 36. Rxa2 Rxa2 37. Rxb1 f6 38. Rb7 1-0

[Event "Olomouc Chess Summer 2013 - Open senior"]
[Site "Olomouc (CZE), Hotel Flora"]
[Date "2013.08.05"]
[Round "6.1"]
[White "Golcman, Evgeny"]
[Black "Lemson, Nico"]
[Result "1-0"]
[WhiteElo "2264"]
[BlackElo "1774"]
[PlyCount "47"]
[EventDate "2013.07.31"]

1. c4 f5 2. Nf3 e6 3. g3 Nf6 4. Bg2 Be7 5. Nc3 O-O 6. O-O c6 7. b3 d5 8. e3
Nbd7 9. Qc2 Ne4 10. Bb2 Qe8 11. Ne2 Qh5 12. d3 Ng5 13. Nxg5 Bxg5 14. f4 Bf6 15.
Bf3 Qh3 16. Nd4 Re8 17. Rae1 Qh6 18. cxd5 Bxd4 19. dxc6 Bxb2 20. cxd7 Bxd7 21.
Qxb2 Bb5 22. Rf2 Re7 23. Qe5 Bxd3 24. Qd6 1-0

[Event "Olomouc Chess Summer 2013 - Open senior"]
[Site "Olomouc (CZE), Hotel Flora"]
[Date "2013.08.05"]
[Round "6.2"]
[White "Vorobyov, Yrij"]
[Black "Komysheva, Margarita"]
[Result "1-0"]
[WhiteElo "2238"]
[BlackElo "2050"]
[PlyCount "67"]
[EventDate "2013.07.31"]

1. Nf3 Nf6 2. c4 d6 3. d4 g6 4. b3 Bg7 5. Bb2 O-O 6. g3 Bf5 7. Bg2 Nc6 8. O-O
Re8 9. d5 Nb4 10. Nd4 Bd7 11. a3 Na6 12. Nc3 Qc8 13. Re1 c5 14. Nc2 Nc7 15. a4
b6 16. e4 Rb8 17. f4 Rf8 18. e5 Nfe8 19. Ne4 a6 20. Ne3 h6 21. h4 b5 22. Bc3 b4
23. Bb2 Rb6 24. Ra2 Bf5 25. Nf2 g5 26. a5 Rb7 27. hxg5 hxg5 28. Qh5 Bh7 29. Bh3
Qd8 30. Qxg5 f6 31. exf6 exf6 32. Qh5 Qe7 33. Bf5 Bh8 34. Nfg4 1-0

[Event "Olomouc Chess Summer 2013 - Open senior"]
[Site "Olomouc (CZE), Hotel Flora"]
[Date "2013.08.05"]
[Round "6.3"]
[White "Pokora, Lubomir"]
[Black "Tsifanskaya, Ludmila"]
[Result "0-1"]
[WhiteElo "1879"]
[BlackElo "2124"]
[PlyCount "46"]
[EventDate "2013.07.31"]

1. d4 d5 2. Nf3 Nf6 3. e3 e6 4. Bd3 c5 5. b3 Nc6 6. O-O Be7 7. Bb2 O-O 8. Nbd2
b6 9. a3 Bb7 10. Qe2 Rc8 11. Rfd1 Qc7 12. Rac1 cxd4 13. exd4 Qf4 14. g3 Qh6 15.
Qf1 Nd7 16. c3 f5 17. Rc2 f4 18. Qg2 e5 19. Nxe5 Ncxe5 20. dxe5 Nxe5 21. Bf1
fxg3 22. fxg3 Bc5+ 23. Kh1 Ng4 0-1